Widok standardowy
Widok MARC
Pozycja Personal Name
Liczba rekordów, w których użyto hasła: 1
001 - Numer kontrolny
- control field: 38046
003 - Identyfikator numeru kontrolnego
- control field: NUKAT
005 - Data i czas ostatniej modyfikacji
- control field: 20260313131236.0
008 - Dane kontrolne kodowane (40 znaków)
- fixed length control field: 970415n||a|znnaabn |a aaa |c
010 ## - Numer kontrolny Biblioteki Kongresu
- numer kontrolny LC: n 97022548
040 ## - Instytucja sporządzająca rekord
- inst. przygot. dane do rek. khw: KR U/HW
- język haseł przedmiotowych/tezaurus: kaba
- inst. wprow. rek. khw: KR U/HW
- inst. modyf. rek. khw: KR U/HW
- inst. modyf. rek. khw: KR U/aps
- inst. modyf. rek. khw: OLSZT 003/bak
- inst. modyf. rek. khw: WA U/IS
046 ## - Special dates
- Birth date: 1962
100 1# - Hasło - nazwa osobowa
- nazwa osobowa w formie ujednoliconej: Sokołowski, Marek
- daty biograficzne: (1962- ).
670 ## - Źródło informacji
- źródło informacji: Wokół zagadnień audiowizji / Marek Sokołowski. - Olsztyn, 1996.
670 ## - Źródło informacji
- źródło informacji: INP'2000
670 ## - Źródło informacji
- źródło informacji: Oblicza Internetu : opus universale : kulturowe, edukacyjne i technologiczne przestrzenie Internetu / red. nauk. Marek Sokołowski. - Elbląg, 2008.
670 ## - Źródło informacji
- źródło informacji: Ludzie nauki (nauka-polska.pl)
- gdzie znaleziono informację: (dr hab. Marek Sokołowski)
670 ## - Źródło informacji
- źródło informacji: Rozmowa telefoniczna z aut.
670 ## - Źródło informacji
- źródło informacji: Marek Sokołowski (R)ewolucja w komunikacji. Wprowadzenie do medioznawstwa : Wydawnictwo Wyższej Szkoły Pedagogicznej TWP, Warszawa 2010, 264 s., ISBN 978-83-61121-15-2 / Anna Miłoszewska // Studia Medioznawcze. - Nr 2 (41) 2010, strony 161-165.
- gdzie znaleziono informację: Recenzja